<?xml version="1.0" encoding="UTF-8"?><?xml-stylesheet type="text/xsl" href="static/style.xsl"?><OAI-PMH xmlns="http://www.openarchives.org/OAI/2.0/" xmlns:xsi="http://www.w3.org/2001/XMLSchema-instance" xsi:schemaLocation="http://www.openarchives.org/OAI/2.0/ http://www.openarchives.org/OAI/2.0/OAI-PMH.xsd"><responseDate>2026-04-17T03:16:27Z</responseDate><request verb="GetRecord" identifier="oai:www.recercat.cat:2072/450487" metadataPrefix="marc">https://recercat.cat/oai/request</request><GetRecord><record><header><identifier>oai:recercat.cat:2072/450487</identifier><datestamp>2024-12-21T00:32:35Z</datestamp><setSpec>com_2072_220028</setSpec><setSpec>com_2072_4427</setSpec><setSpec>col_2072_220407</setSpec></header><metadata><record xmlns="http://www.loc.gov/MARC21/slim" xmlns:dcterms="http://purl.org/dc/terms/" xmlns:xsi="http://www.w3.org/2001/XMLSchema-instance" xmlns:doc="http://www.lyncode.com/xoai" xsi:schemaLocation="http://www.loc.gov/MARC21/slim http://www.loc.gov/standards/marcxml/schema/MARC21slim.xsd">
   <leader>00925njm 22002777a 4500</leader>
   <datafield ind2=" " ind1=" " tag="042">
      <subfield code="a">dc</subfield>
   </datafield>
   <datafield ind2=" " ind1=" " tag="720">
      <subfield code="a">Barker, Simon</subfield>
      <subfield code="e">author</subfield>
   </datafield>
   <datafield ind2=" " ind1=" " tag="720">
      <subfield code="a">Perna, Simona</subfield>
      <subfield code="e">author</subfield>
   </datafield>
   <datafield ind2=" " ind1=" " tag="260">
      <subfield code="c">2018</subfield>
   </datafield>
   <datafield ind2=" " ind1=" " tag="520">
      <subfield code="a">Alabaster was one of the most prized stones in the ancient world. Its popularity forpavement and wall revetment in élite houses is confirmed by the increasing exploitationof its sources around the Mediterranean and its reproduction in the First, Second and Fourthstyle Roman paintings. Preliminary results of a survey of painted alabaster carried out bythe present authors at several Roman sites in the Vesuvian area identified high accuracy inthe reproduction of the variegated patterning of alabaster suggesting that Roman paintershad become acquainted with real varieties as they were imported into Italy. This paper willdemonstrate, through cases studies from Pompeii, Oplontisand Stabiae, that the imitationsare fairly faithful renderings of the most popular Egyptian and non-Egyptian alabastertypes. Moreover, the location of painted alabaster suggests that its use went beyondaesthetics and that, like real alabaster, it had an underlying symbolic message.</subfield>
   </datafield>
   <datafield ind1="8" ind2=" " tag="024">
      <subfield code="a">978-3-908006-47-3</subfield>
   </datafield>
   <datafield ind1="8" ind2=" " tag="024">
      <subfield code="a">http://hdl.handle.net/2072/450487</subfield>
   </datafield>
   <datafield ind2="0" ind1="0" tag="245">
      <subfield code="a">Imitation alabaster: varieties and symbolism in Roman Painting</subfield>
   </datafield>
</record></metadata></record></GetRecord></OAI-PMH>